| 000 | 00000nam##2200000za#4500 |
| 001 | 9.589949 |
| 003 | CaOODSP |
| 005 | 20210624195906 |
| 007 | cr ||||||||||| |
| 008 | 150406|2003||||xxc|||||o f|0| 0 eng|d |
| 022 | |a1488-5379 |
| 040 | |aCaOODSP|beng |
| 041 | |aeng |
| 041 | |afre |
| 043 | |an-cn--- |
| 086 | 1 |aFs97-6/2493-PDF |
| 110 | 1 |aCanada. |bDepartment of Fisheries and Oceans. |
| 245 | 10|aLow flow estimation for New Brunswick Rivers / |h[electronic resource]|cby C. Hébert, N. El-Jabi, and D. Caissie. |
| 260 | |aMoncton - New Brunswick : |bFisheries and Oceans Canada |c2003. |
| 300 | |a25p.|bfigs., references, tables |
| 490 | 1 |aCanadian technical report of fisheries and aquatic sciences|x1488-5379|vNo. 2493 |
| 500 | |aOn t. p. : Gulf Region, Oceans and Science Branch, Diadromous Fish Section, Moncton N.B. Text in English and French in parallel columns. Catalogue number and ISSN of the print edition appear in the PDF version. |
| 590 | |a14-06-Supp|b2014-03-21 |
| 720 | 1 |aCaissie, D. |
| 720 | 1 |aEl-Jabi, N. |
| 720 | 1 |aHébert, C. |
| 792 | |tL'estimation des débits d'étiage en rivières au Nouveau-Brunswick / |efre|w(CaOODSP)9.589950 |
| 830 | #0|aCanadian technical report of fisheries and aquatic sciences,|x1488-5379|vNo. 2493|w(CaOODSP)9.500269 |
| 856 | 40|ahttp://publications.gc.ca|qPDF|s326 KB|uhttps://publications.gc.ca/collections/collection_2014/mpo-dfo/Fs97-6-2493.pdf|yNo. 2493 |